Statistics for Countries Muhammadu Buhari has Visited

Click here to take the quiz!

General Stats

  • This quiz has been taken 18 times
    (8 since last reset)
  • The average score is 27 of 36

Answer Stats

ContinentCountry% Correct
EuropeBelgium
100%
EuropeFrance
100%
EuropeGermany
100%
EuropeUnited Kingdom
100%
North AmericaUnited States of America
100%
AfricaCameroon
83%
AfricaChad
83%
AsiaChina
83%
AfricaEgypt
83%
AfricaEthiopia
83%
AfricaGhana
83%
AfricaMali
83%
AfricaNiger
83%
EuropePoland
83%
Asia/ EuropeRussia
83%
AsiaSaudi Arabia
83%
AfricaSenegal
83%
AsiaUnited Arab Emirates
83%
AfricaBenin
67%
AfricaEquatorial Guinea
67%
AfricaGuinea-Bissau
67%
AsiaIndia
67%
AfricaIvory Coast
67%
AfricaKenya
67%
AfricaLiberia
67%
AfricaMorocco
67%
EuropePortugal
67%
AfricaSouth Africa
67%
EuropeSpain
67%
AfricaSudan
67%
AfricaGambia
50%
AsiaIran
50%
AsiaQatar
50%
AfricaRwanda
50%
AsiaSouth Korea
50%
EuropeMalta
17%

Score Distribution

Percentile by Number Answered

Percent of People with Each Score

Your Score History

You have not taken this quiz since the last reset